000 00752nam a22002417a 4500
003 UA-OsUOA
001 76302
007 ta
008 20110623b un ||||| |||| 00| 0 ukr d
100 _aСмышляев А.Л.
090 _a94(37)
_bС52
942 _cBK
040 _aUA-OsUOA
_brus
_cUA-OsUOA
_dUA-OsUOA
245 _aИстория древнего Рима от Ромула до Гракхов
_bучеб. пособие
300 _a200 с.
955 _a2
041 _arus
080 _a94(37)
020 _a978-5-912440-02-1
260 _aМ.
_bРусский Фонд Содействия Образованию и Науке
_c2007
650 7 _a9 Географія. Біографії. Історія
_2UDC
999 _c362605
_d362605